000 00805nam a2200253Ia 4500
003 OSt
005 20220926034053.0
006 a|||||r|||| 00| 0
007 ta
008 220923b |||||||| |||| 00| 0 eng d
037 _cGeneral Book
040 _aRTL
_cRTL
_beng
041 _2eng
_aeng
082 _aX7243.73.N6, K9
100 _aHarberger Arnold C Ed.
_9128565
245 0 _aTaxtion of income from capital
260 _aWashington
_bBrooking Institution
_c1969
300 _axviii,331p Appendix at the end of each chapter
_ccm.
490 _aStudies Of Government Finance
650 _aBusiness Tax
700 _a Bailey C Martin J Ed.
_9340017
942 _hX7243.73.N6, K9
_cGB
_2CC
999 _c658679
_d658679